000 02202nam0a2200361 4500
001 RU\NLR\BIBL_A\022211735
005 20250625161340.0
010 _a978-5-392-28414-6
_91000
035 _a(NLR Aleph) 022211735
090 _a13075369
_c13075369
100 _a20240502d2019 |||y0rusy50 ca
101 0 _arus
102 _aRU
105 _aac||j|||000yy
181 0 _ai
_baxxe
182 0 _an
200 1 _aТарифообразование в энергетике в определениях и схемах
_dTariffs setting in energetics in definitios and diagrams
_eучебное пособие
_eдля студентов вузов, обучающихся в магистратуре по направлениям "Электроэнергетика и электротехника", "Теплоэнергетика и теплотехника" и для слушателей программ профессиональной переподготовки и дополнительного профессионального образования в сфере энергоменеджмента
_zeng
203 _aТекст
_bвизуальный
_cнепосредственный
210 _aМосква
_cПроспект
_d2019
215 _a102, [2] с.
_cил., портр., табл.
_d20
300 _aАвт. также на англ. яз.: N. Y. Sinitskaya
300 _aНа обороте тит. с. авт.: Синицкая Н. Я., д-р экон. наук, проф.
320 _aБиблиогр.: с. 100-102
510 1 _6z77790
_aTariffs setting in energetics in definitios and diagrams
_zeng
606 1 _aЭнергетическая промышленность
_xТарифы
_92167708
_3RU\NLR\AUTH\661304164
686 1 _aУ30(2)57-866(2Р)я73
700 1 _7ca
_8rus
_aСиницкая
_bН. Я.
_f1958-
_gНаталья Яковлевна
_9268065
_3RU\NLR\AUTH\770268121
790 1 _7ba
_8rus
_aSinickaja
_bN. J.
_f1958-
_gNatal'ja Jakovlevna
_9268066
_3RU\NLR\AUTH\770268122
942 _cBOOK
980 _aNB